00847 2200301 4500001002100000005001500021035002000036007000300056008004100059020002200100082001700122084001900139100002600158245004200184250003600226300004000262650002000302264004100322336002100363337003000384338002300414040002200437090002200459850001200481999002200493041000800515990002200523INLIS00000000086991820220513124229 a0010-0522000151ta220513s2022 yoia g | ind d a978-623-5607-54-204223a899.2213 a899.2213 YAK l0 aYa'kub HARePengarang10aLukisan cinta yang indah /cKasmawati aCetakan Pertama, Februhari 2022 aviii, 284 halaman :btabel ;c20 cm 4aFiksi Indonesia31aBantul :bMata Kata Inspirasi,c2022 2rdacontentateks 2rdamediaatanpa perantara 2rdacarrieravolume aYOPDYOGbinderda aCB-D.11 2022-0101 aYOPDYOG aCB-D.11/2022-0101 aind aCB-D.11/2022-0101